| 000 | 00831cam a2200241 4500 | ||
|---|---|---|---|
| 001 | L136969 | ||
| 008 | 070307s2007 xxk f 000 0 eng d | ||
| 035 | _a(Sirsi) u136969 | ||
| 041 | 0 | _aeng | |
| 100 | 1 | _aThame, David | |
| 245 | 0 | 0 | _aFocus MIPIM and European investment |
| 260 | _c2007 | ||
| 490 | 0 | 0 |
_aEstates Gazette _v(0709) 3 March 2007, 117-159(13) |
| 520 | _aReports on the themes of the 2007 MIPIM. Looks at the commercial property market in Germany, Eastern Europe and Russia. Reports on the continuing investment being attracted in Bulgaria and Romania. | ||
| 590 | _aKA | ||
| 650 | 2 | 4 | _aMIPIM |
| 651 | 4 | _aEUROPE | |
| 690 | _aPROPERTY-COMMERCIAL PROPERTY-COMMERCIAL PROPERTY FINANCE AND INVESTMENT | ||
| 700 | 1 | _aGerrard, Richard | |
| 700 | 1 | _aMoore, Charlotte | |
| 700 | 1 | _aRobson, Claire | |
| 942 | _n0 | ||
| 999 |
_c106566 _d106566 |
||